Pindare
Đã lưu trong:
| Định dạng: | Sách |
|---|---|
| Ngôn ngữ: | Tiếng Pháp Tiếng Hy Lạp |
| Được phát hành: |
París
Les Belles Lettres
1962
|
| Phiên bản: | 5a. ed |
| Loạt: | Collection des Universites de France
|
| Những chủ đề: | |
| Các nhãn: |
Thêm thẻ
Không có thẻ, Là người đầu tiên thẻ bản ghi này!
|
MARC
| LEADER | 00000nam a2200000 a 4500 | ||
|---|---|---|---|
| 001 | UCL0404 | ||
| 003 | CL-VaPUC | ||
| 008 | 030711e19620000FR |||||||||||||||||fre|d | ||
| 041 | 0 | 7 | |a fre |2 CL-VaPUC |
| 041 | 0 | 7 | |a gre |2 CL-VaPUC |
| 082 | 0 | 4 | |a 881 |b PIN |2 21 |
| 245 | 1 | 0 | |a Pindare |
| 250 | |a 5a. ed | ||
| 300 | |a v | ||
| 942 | |c BK | ||
| 945 | |d 20030711 00:00:00 |a cmena | ||
| 260 | |a París |b Les Belles Lettres |c 1962 | ||
| 500 | |a v.1: Olympiques | ||
| 650 | 0 | |a Poesía griega |9 265627 | |
| 583 | |a last modification |c 20030711 00:00:00 |k Rodrigo Vera | ||
| 490 | 0 | |a Collection des Universites de France | |
| 999 | |c 304277 |d 304275 | ||
| 952 | |0 0 |1 0 |4 0 |6 881_000000000000000_PIN_1962 |7 0 |8 DER_ROM |9 366252 |a BIBDER |b BIBDER |d 2019-11-21 |i 3921557 |o 881 PIN 1962 |p 3921557 |r 2023-01-25 |w 2019-11-21 |x Ubicación 4to piso |y BK |z Este recurso debe solicitarse con anticipación |k DER | ||